Statistics for Germanic or Romance Etymology

Click here to take the quiz!

General Stats

  • This quiz has been taken 44 times
  • The average score is 13 of 15

Answer Stats

QuestionAnswer% Correct
toeGermanic
100%
etymologyRomance
100%
defenestrationRomance
100%
to flyGermanic
98%
andGermanic
95%
to ascendRomance
95%
libraryRomance
90%
fabulousRomance
88%
knuckleGermanic
85%
I (pronoun)Germanic
83%
establishRomance
83%
queueRomance
76%
stomachRomance
71%
sevenGermanic
61%
basketRomance
51%

Score Distribution

Percentile by Number Answered

Percent of People with Each Score

Your Score History

You have not taken this quiz